书目信息 |
| 题名: |
大学英语词汇与语法训练
|
|
| 作者: | 王海啸 , 沈蕾 编 | |
| 分册: | ||
| 出版信息: | 南京 南京大学出版社 1995.04 |
|
| 页数: | 282页 | |
| 开本: | 16开 | |
| 丛书名: | ||
| 单 册: | ||
| 中图分类: | H313 | |
| 科图分类: | ||
| 主题词: | 英语 | |
| 电子资源: | ||
| ISBN: | 7-305-02778-2 | |
| 000 | 00597nam0 2200205 45 | |
| 001 | 0009091552 | |
| 005 | 20000909160016.1 | |
| 010 | @a7-305-02778-2@d16.00元 | |
| 100 | @a20000909d1995 km y0chiy0120 ea | |
| 101 | 0 | @achi |
| 105 | @a z 000yy | |
| 200 | 1 | @a大学英语词汇与语法训练@ADa Xue Ying Yu Ci Hui Yu Yu Fa Xun Lian@f王海啸,沈蕾编@FWang Hai Xiao,Shen Lei Bian |
| 210 | @a南京@c南京大学出版社@d1995.04 | |
| 215 | @a282页@d16开 | |
| 606 | 0 | @a英语 |
| 690 | @aH313@v3 | |
| 701 | 0 | @a王海啸@4编 |
| 701 | 0 | @a沈蕾@4编 |
| 801 | @aCN@bPftUser@c20000909 | |
| 905 | @b132154-158@dH313@eW888/1@f5 | |
| 大学英语词汇与语法训练/王海啸,沈蕾编.-南京:南京大学出版社,1995.04 |
| 282页;16开 |
| ISBN 7-305-02778-2:16.00元 |
| ● |
| 相关链接 |
|
|
|
正题名:大学英语词汇与语法训练
索取号:H313/W888/1
 
预约/预借
| 序号 | 登录号 | 条形码 | 馆藏地/架位号 | 状态 | 备注 |
| 1 | 132154 | 201321541 | 语言库209/209语言库 104排4列2层/ [索取号:H313/W888/1] | 在馆 | |
| 2 | 132155 | 201321550 | 语言库209/209语言库 104排4列2层/ [索取号:H313/W888/1] | 在馆 | |
| 3 | 132156 | 201321569 | 语言库209/209语言库 104排4列2层/ [索取号:H313/W888/1] | 在馆 | |
| 4 | 132157 | 201321578 | 语言库209/209语言库 104排4列2层/ [索取号:H313/W888/1] | 在馆 | |
| 5 | 132158 | 201321587 | 语言库209/209语言库 104排4列2层/ [索取号:H313/W888/1] | 在馆 |